AH International Schools' Libraries

Reclaiming the future : (Record no. 49621)

MARC details
000 -LEADER
fixed length control field 00304nam a2200097 4500
020 ## - INTERNATIONAL STANDARD BOOK NUMBER
International Standard Book Number 1864081740
245 ## - TITLE STATEMENT
Title Reclaiming the future :
Remainder of title Australian perspectives on Christian schooling /
Statement of responsibility, etc Edited by Ian Lambert and Suzanne Mitchell.
260 ## - PUBLICATION, DISTRIBUTION, ETC. (IMPRINT)
Place of publication, distribution, etc Sydney:
Name of publisher, distributor, etc CSAC;
Date of publication, distribution, etc 1996.
300 ## - PHYSICAL DESCRIPTION
Extent 190 p.
942 ## - ADDED ENTRY ELEMENTS (KOHA)
Source of classification or shelving scheme
Koha item type Teacher's Resources
Holdings
Withdrawn status Lost status Source of classification or shelving scheme Damaged status Not for loan Collection code Home library Current library Shelving location Date acquired Full call number Barcode Date last seen Price effective from Koha item type
          TEACHERS' RESOURCES Asian Hope Secondary Library Asian Hope Secondary Library SECONDARY 10/08/2025 377.8 LAM 208272 10/08/2025 10/08/2025 Teacher's Resources

For any Logos Library related questions please contact Miss Art at swongnarasuk@asianhope.org.

For any Asian Hope Library related questions please contact Miss Raza at graza@asianhope.org.

Powered by Koha